000 00550nam a2200193Ia 4500
003 GCL
008 140319s9999 xx 000 0 eng d
040 _aGCL /
_cGCL
082 0 4 _a015.821
_bL C
100 1 _aLITTLE, DONALD
245 1 0 _aA CATALOGUE OF THE ISLAMIC DOCUMENTS FROM AL-HARAM AS-SARIF IN JERUSALEM /
_cLITTLE, DONALD
260 _a[S.N] :
_bFRANZ STEINER, WIESBADEN ،
_c1984
300 _a481 P
650 0 4 _aBIBLIOGRAPHIES
650 0 4 _aJERUSALEM
650 0 4 _aDOCUMENT, ISLAM
650 0 4 _aAL-HARAM AS-SARIF
942 _2ddc
_cBK
999 _c19684
_d19684